Reglamento de personal de los servicios sanitarios locales : edición oficial edición oficial
Descripción Física:
127 p. ; 20 cm
MARC
| LEADER | 00000nam a2200000Ia 4500 | ||
|---|---|---|---|
| 001 | 14318 | ||
| 008 | 160829s1954 xx 000 0 cat d | ||
| 080 | |a C-2-244 | ||
| 245 | |a Reglamento de personal de los servicios sanitarios locales : |b edición oficial | ||
| 260 | |a [Madrid] : |b Instituto de Estudios de Administración Local, |c 1954 | ||
| 300 | |a 127 p. ; |c 20 cm | ||
| 590 | |a Precedeix el títol: Ministerio de la Gobernación | ||
| 650 | |a Serveis sanitaris |x Espanya |x Reglaments i procediment |9 27589 | ||
| 650 | |a Personal sanitari |x Espanya |x Aspectes legals |9 27590 | ||
| 710 | 2 | |a Instituto de Estudios de Administración Local (Espanya) |9 54775 | |
| 710 | 1 | |a Espanya. |b Ministerio de la Gobernación |9 55088 | |
| 901 | |a Arxiu | ||
| 942 | |n 1 | ||
| 952 | |0 0 |1 0 |4 0 |6 C2244 |7 1 |9 44457 |a Arxiu |b Arxiu |d 2016-12-01 |l 0 |o C-2-244 |p 14318 |r 2016-12-01 00:00:00 |w 2016-12-01 |y ARXIU | ||
| 999 | |c 47038 |d 47038 | ||